Sports Quiz

Random Sports or World Quiz

TNA World Tag Team Champions Quiz Stats

 Plays Quiz not verified by Sporcle

Score 0/43 Timer 10:00
0 Plays Today
Year Tag Team % Correct
2008Beer Money
83%
2009Beer Money
83%
2009Beer Money
83%
2007Team 3D
82.7%
2009Team 3D
82.7%
2002America's Most Wanted
70.2%
2003America's Most Wanted
70.2%
2003America's Most Wanted
70.2%
2004 America's Most Wanted
70.2%
2005America's Most Wanted
70.2%
2005America's Most Wanted
70.2%
2006The Latin American Xchange
64.1%
2006The Latin American Xchange
64.1%
2008The Latin American Xchange
64.1%
2006A.J. Styles and Christopher Daniels
50.3%
2006A.J. Styles and Christopher Daniels
50.3%
2003Triple X
48.4%
2003Triple X
48.4%
2003Triple X
48.4%
2009British Invasion
46.8%
2004Team Canada
43.9%
2009Main Event Mafia
42%
Year Tag Team % Correct
2004The Naturals
35.6%
2005The Naturals
35.6%
2005The Naturals
35.6%
2007Christian's Coalition
34.3%
2007Kurt Angle and Sting
31.4%
2007Samoa Joe
29.5%
2008Lethal Consequences
29.5%
20033Live Kru
28.5%
2002A.J. Styles and Jerry Lynn
23.4%
2007Team Pacman
21.2%
2004A.J. Styles and Abyss
17%
2004Kid Kash and Dallas
14.4%
2004Kid Kash and Dallas
14.4%
2002The Disciples of The New Church
14.1%
2003Jerry Lynn and The Amazing Red
12.5%
2004Chris Harris and Elix Skipper
12.5%
2004The Red Shirt Security
11.2%
2003Simon Diamond and Johnny Swinger
9%
2004Chris Daniels and James Storm
8.7%
2008Kaz and Super Eric
6.4%
2004D'Lo Brown and El Gran Apolo
5.8%

You're not logged in!

Compare scores with friends on all Sporcle quizzes.
OR
Log In

You Might Also Like...

Show Comments

Extras

Top Quizzes Today


Score Distribution

Your Account Isn't Verified!

In order to create a playlist on Sporcle, you need to verify the email address you used during registration. Go to your Sporcle Settings to finish the process.

Report this User

Report this user for behavior that violates our Community Guidelines.

Details: